000
00273nam a22000977a 4500
082
_a
345.549102
_b
ANT
245
_a
The Anti-Terrorisms Act, 1997 (XXVII of 1997) Bare Act /
260
_a
Lahore :
_b
Irfan Law Book House,
_c
2014.
300
_a
63 p. ;
_c
23 cm.
942
_2
ddc
_c
BK
999
_c
592360
_d
592360